000 00482nam a22001577a 4500
003 GBCCL
005 20251127145414.0
008 180703b ||||| |||| 00| 0 eng d
040 _cGBC
082 _a220.52081
_bBIB
245 _aThe Holy Bible, New International Version:
_bContaining the Old Testament and the New Testament
260 _aColorado Springs:
_bInternational Bible Society,
_c1984
300 _axi, 879p.
_c18cm
650 _aBible
_vEnglish
_912281
942 _2ddc
_cREF
999 _c6905
_d6905